Themed General Knowledge Questions #24 - Statistics

General Stats
  • This quiz has been taken 24 times
  • The average score is 6 of 10
Answer Stats
Question Answer % Correct
Which of these is not an African island country? Brunei
96%
What country (or former country) sent the first human to space? Soviet Union
96%
What is the name of this symbol: * Asterisk
83%
What classic book is about an ex-convict who helps a girl named Cosette? Les Misérables
83%
Which of these notable Christians are from Holland (Netherlands)? Corrie ten Boom
65%
Fill the next 4 characters in the pattern: JFMAMJJA SOND
57%
What does molarity measure? The concentration of solute
43%
What is the (intended) use of 'musical roads'? To encourage driving at or under the speed limit
43%
Which of these is not in five spice? Coriander
35%
What country has the most unique species of animals and plants? Brazil
26%
No matching quizzes found
Score Distribution
Percent of People with Each Score
Percentile by Number Answered
Your Score History
You have not taken this quiz